000 00738nam a2200289Ia 4500
005 20260324123925.0
008 008 260324s9999 xx 000 0 eng d
020 _a9781315553375
037 _aEBOOK
040 _aCRL
040 _beng
040 _cCRL
041 _2eng
041 _aeng
084 _qCRL
100 _aAre Vegard Haug; Harald Baldersheim
_91172175
245 4 _aThe Rise of the Networking Region
245 4 _bThe Challenges of Regional Collaboration in a Globalized World
260 _bTaylor and Francis
260 _c2011
365 _a
365 _b65.99
856 _uhttp://www.taylorfrancis.com/books/9781315553375
942 _cEBOOK
999 _c1766105
_d1766105